| 000 | 00722nam a22001577a 4500 | ||
|---|---|---|---|
| 003 | OSt | ||
| 005 | 20151003140059.0 | ||
| 008 | 151003b xxu||||| |||| 00| 0 eng d | ||
| 040 | _cRUA | ||
| 082 | _aAVM LY 1999 B071 Or.1 | ||
| 100 |
_91894 _aLY, SUNNANG. |
||
| 245 | _aEconomic status of the madium scale of poultry keeping at soma farm baty district takeo province, ស្ថានភាពសេដ្ឋកិច្ចនៃការចិញ្ចឹមមាន់យកពង ទ្រង់ទ្រាយមធ្យមនៅកសិដ្ឋានសូម៉ាស្រុកបាទី ខេត្តតាកែវ | ||
| 260 |
_aPhnom Penh _bRUA _c1999 |
||
| 300 |
_a38p. _bill. _c29cm. |
||
| 942 |
_2ddc _cAVM |
||
| 999 |
_c1789 _d1789 |
||